000 00479nam a2200181Ia 4500
005 20250326130118.0
008 250326s9999 xx 000 0 und d
037 _aTextbook
040 _aFMSL
_beng
_cFMSL
041 _aeng
_2eng
084 _qFMSL
100 _aGovt. OF India
245 0 _aReport of the casul pay commession
_cGovt. OF India
260 _aNew Delhi
_bNew Delhi, Ministry of Fice
_c1973
300 _a175p
942 _cTB
999 _c1280972
_d1280972